000 01084nac a22002651u 4500
010 _a 2002280526
020 _a0072129581
035 _a(OCoLC)ocm48971789
082 0 0 _a005.26
_bP2183
090 _c490
_d490
100 _aMurray, William H.,
245 1 0 _aVisual C++.NET :
_bthe complete reference /
_cWilliam H. Murray III and Chris H. Pappas.
246 3 0 _aVisual C++ .NET
260 _aNew Delhi
_bTata McGraw-Hill Publishing Company Limited
_cc2002.
300 _axxix, 1073 p. :
_bill. ;
_c23 cm.
500 _aIncludes index
650 0 _aVisual programming (Computer science)
650 0 _aMicrosoft.net framework.
650 0 _aMicrosoft .Net.
700 1 _aPappas, Chris H.,
_d1953-
856 4 2 _3Publisher description
_uhttp://www.loc.gov/catdir/description/mh022/2002280526.html
856 4 2 _3Table of contents
_uhttp://www.loc.gov/catdir/toc/mh021/2002280526.html
942 _cBB
_k005.26P2183
999 _c490
_d490